000 00622nab a2200181 4500
001 244442
003 OSt
005 20240514125707.0
007 tu
008 200917s2020|||||||
040 _aDE-2950
_cDE-2950
245 0 0 _aEinigung über Leitstelle
_bRettungsdienst. Vor drei Jahren kündigte Märkisch-Oderland die Vereinbarung mit Frankfurt und Oder-Spree zur Einsatzzentrale. Jetzt ist der Streit beigelegt/
_cThomas Gutke
264 _c2024
653 _aFrankfurt (Oder)
653 _aLeitstelle
773 0 _g35. Jahrgang (2024) Nr. 108 vom 10.05.2024, S. 15 mit Foto
_tMärkische Oderzeitung
942 _2z
_cA
999 _c373143
_d373143